000
00260 a2200085 4500
020
_a
9789383419722
100
_a
Sharmin Khan , Mohd Khalid Hassan and M. Farhan Fazli
245
_a
The Majesty of Islamic Art and Architecture
260
_b
COPAL Publishing Group
_c
2024
999
_c
13421
_d
13421